000 00238nam a22000857a 4500
008 170606b xxu||||| |||| 00| 0 eng d
100 _93286
_aManokaran. J
245 _aSun flowers and butter flys
260 _aNew Delhi
_bNational Book Trust
_c2004
999 _c6603
_d6603